000 00624nam a2200253Ia 4500
008 160803s9999 xx 000 0 und d
020 _a 978-0375861178
100 _aJohnson, LouAnne
245 _aMuchacho :
245 _ba novel /
245 _cLouAnne Johnson.
260 _aNew York :
260 _bScholastic Inc.
260 _c2009
300 _a197 pages ;
300 _c22 cm
650 _aHigh schools --
650 _aMexican Americans --
650 _aSelf-perception --
650 _xJuvenile fiction.
650 _xJuvenile fiction.
650 _xJuvenile fiction.
700 _a1250
999 _c298621
_d298621